Το μέγα ελληνικόν βιογραφικόν λεξικόν
Αποθηκεύτηκε σε:
| Κύριοι συγγραφείς: | , |
|---|---|
| Μορφή: | Βιβλίο |
| Γλώσσα: | Greek |
| Δημοσίευση: |
Αθήνα :
Οι Νεώτεροι Παράλληλοι Βίοι,
[19--].
|
| Θέματα: | |
| Ετικέτες: |
Προσθήκη ετικέτας
Δεν υπάρχουν, Καταχωρήστε ετικέτα πρώτοι!
|
MARC
| LEADER | 00000cam a2200000 a 4500 | ||
|---|---|---|---|
| 001 | 1/111435 | ||
| 008 | 160727qyyyy####gr | ||| |||| ||gre|| | ||
| 040 | |a GR-MyUa |b gre |c GR-MyUa |e AACR2 | ||
| 041 | 0 | |a gre | |
| 082 | 7 | |a 920.003495 |2 (23) | |
| 100 | 1 | |a Βοβολίνης, Σπύρος Α., |d 1910-1995, |e aut | |
| 245 | 1 | 0 | |a Το μέγα ελληνικόν βιογραφικόν λεξικόν / |c των αδελφών Σπύρ. και Κωνστ. Α. Βοβολίνη. |
| 260 | |a Αθήνα : |b Οι Νεώτεροι Παράλληλοι Βίοι, |c [19--]. | ||
| 300 | |a 89 σ. ; |c 24 εκ. | ||
| 500 | |a Ανω του τίτλου: Προσφορά εις την παρούσαν και τας επιγενόμενας γενεάς - έργον αληθώς μνημειώδες. | ||
| 650 | 0 | |a Biography |x Dictionaries. | |
| 650 | 0 | |a Encyclopedias and dictionaries, Greek. | |
| 700 | 1 | |a Βοβολίνης, Κωνσταντίνος Α., |d 1913-1970, |e aut | |
| 852 | |a INST |b LEMNOS |e 20160727 |h 920.003495 ΒΟΒ |p 005600001815 |q 005600001815 |t REF |y 23 | ||
| 852 | |a INST |b LEMNOS |e 20160727 |h 920.003495 ΒΟΒ |p 005600001816 |q 005600001816 |t REF |y 23 | ||
| 852 | |a INST |b LEMNOS |e 20160727 |h 920.003495 ΒΟΒ |p 005600001817 |q 005600001817 |t REF |y 23 | ||
| 970 | |a Μοσχόβη |b Ευαγγελία |z 27-07-2016 | ||